=LDR 00000nam 2200000 4500 =001 INLIS000000000022408 =005 20130612121152 =008 ***********************************ind** =035 ##$$0010-061300000022408 =041 ##$$a ind =082 ##$$a 2x4.12 =090 ##$$a 2x4.12, Ihs p =100 ##$$a Ihsan, Abu =245 ##$$a Penuntun shalat untuk anak, Abu Ihsan =250 ##$$a Penuntun untuk anak =260 ##$$a 2005 $b Bandung =300 ##$$a 140 hlm., ilus., 15 cm =650 ##$$a Akhlak =850 ##$$a NBPNMAT